01404nam a2200349Ia 4500001001200000003000800012006001900020007001500039008004100054010001700095020001500112020001500127020002200142040002100164035002100185050002800206245014800234260005500382300006300437490001700500504005100517533015200568650004400720650004600764655002900810700002000839700001700859710001700876830001800893856012600911999001701037ebr10056084CaPaEBRm u cr cn|||||||||980427s1998 enkab sb 001 0 eng d z 98157392  z0203212770 z0748407553 z0748407561 (pbk.) aCaPaEBRcCaPaEBR a(OCoLC)25282251314aG70.215.E85bE93 1998eb00aEuropean geographic information infrastructuresh[electronic resource] :bopportunities and pitfalls /ceditors, Peter Burrough and Ian Masser. aLondon ;aBristol, PA :bTaylor & Francis,cc1998. axv, 172 p., 4 p. of col. plates :bill., maps (some col.).1 aGISDATA ;v5 aIncludes bibliographical references and index. aElectronic reproduction.bPalo Alto, Calif. :cebrary,d2009.nAvailable via World Wide Web.nAccess may be limited to ebrary affiliated libraries. 0aGeographic information systemszEurope. 0aGeographic information systemsxResearch. 7aElectronic books.2local1 aBurrough, P. A.1 aMasser, Ian.2 aebrary, Inc. 0aGISDATA ;v5.40uhttp://site.ebrary.com/lib/rucke/Doc?id=10056084zAn electronic book accessible through the World Wide Web; click to view c72378d72378